[Event "IECC M email"]
[Site "IECC email"]
[Date "2000.01.28"]
[Round "?"]
[White "Scott, Jeff"]
[Black "Agnew, George Hartwell"]
[Result "0-1"]
[WhiteElo "1466"]
[BlackElo "1408"]
[PlyCount "40"]
[EventDate "2000.??.??"]
[EventType "tourn (corr)"]
[EventRounds "2"]
[SourceTitle "Corr 2008"]
[Source "ChessBase"]
[SourceDate "2008.06.24"]
[SourceVersion "1"]
[SourceVersionDate "2008.06.24"]
[SourceQuality "1"]

1. c4 c5 2. g3 e5 3. Bg2 Nf6 4. e4 d6 5. Nc3 Nc6 6. Nge2 Bg4 7. d3 Be7 8. f3 Bd7 9. 0-0 0-0 10. b3 h6 11. f4 Bg4 12. h3 Bxe2 13. Qxe2 Nd4 14. Qf2 Qa5 15. Nd5 Nxd5 16. exd5 Qc3 17. Bb2 Qxd3 18. Bxd4 exd4 19. Rfe1 Rae8 20. Be4 Qc3 0-1